000 00694cam a22002174a 4500
001 15260156
005 20171215082358.0
008 080414s2007 inua 000 0 eng
010 _a 2007906025
020 _a9781425957872 (pbk.)
040 _aDLC
_cDLC
041 _aeng
080 _a421.5 JOS
082 0 0 _a421.5 JOS
_222
100 1 _a45
101 _aMUZ
245 1 0 _aOf sound and symbol :
_cDaniel Joseph Cesar.
906 _a7
_bcbc
_corignew
_d3
_encip
_f20
_gy-gencatlg
942 _2ddc
_cBK
999 _c39032
_d39032